<?xml version="1.0" encoding="UTF-8"?>
<record
    xmlns:xsi="http://www.w3.org/2001/XMLSchema-instance"
    xsi:schemaLocation="http://www.loc.gov/MARC21/slim http://www.loc.gov/standards/marcxml/schema/MARC21slim.xsd"
    xmlns="http://www.loc.gov/MARC21/slim">

  <leader>00774nam a22002537a 4500</leader>
  <controlfield tag="003">OSt</controlfield>
  <controlfield tag="005">20150408114217.0</controlfield>
  <controlfield tag="008">140514s2013    enka   g b    001 0 eng d</controlfield>
  <datafield tag="020" ind1=" " ind2=" ">
    <subfield code="a">9780230361690</subfield>
  </datafield>
  <datafield tag="040" ind1=" " ind2=" ">
    <subfield code="a">Ma-Un</subfield>
  </datafield>
  <datafield tag="082" ind1="0" ind2="4">
    <subfield code="2">22</subfield>
    <subfield code="a">425</subfield>
    <subfield code="b">ABE</subfield>
  </datafield>
  <datafield tag="100" ind1="1" ind2=" ">
    <subfield code="a">Aarts, Bas,</subfield>
    <subfield code="d">1961-</subfield>
    <subfield code="9">45033</subfield>
  </datafield>
  <datafield tag="245" ind1="1" ind2="0">
    <subfield code="a">English syntax and argumentation /</subfield>
    <subfield code="c">Bas Aarts.</subfield>
  </datafield>
  <datafield tag="250" ind1=" " ind2=" ">
    <subfield code="a">4th ed.</subfield>
  </datafield>
  <datafield tag="260" ind1=" " ind2=" ">
    <subfield code="a">Basingstoke :</subfield>
    <subfield code="b">Palgrave,</subfield>
    <subfield code="c">2013.</subfield>
  </datafield>
  <datafield tag="300" ind1=" " ind2=" ">
    <subfield code="a">xv, 341 p. :</subfield>
    <subfield code="b">ill. ;</subfield>
    <subfield code="c">24 cm.</subfield>
  </datafield>
  <datafield tag="490" ind1="1" ind2=" ">
    <subfield code="a">Modern linguistics series</subfield>
  </datafield>
  <datafield tag="504" ind1=" " ind2=" ">
    <subfield code="a">Includes bibliographical references and index.</subfield>
  </datafield>
  <datafield tag="650" ind1=" " ind2=" ">
    <subfield code="a">English language</subfield>
    <subfield code="x">Syntax</subfield>
    <subfield code="9">44935</subfield>
  </datafield>
  <datafield tag="650" ind1=" " ind2=" ">
    <subfield code="a">English language</subfield>
    <subfield code="x">Semantics</subfield>
  </datafield>
  <datafield tag="650" ind1=" " ind2=" ">
    <subfield code="a">Persuasion (Rhetoric)</subfield>
    <subfield code="9">45034</subfield>
  </datafield>
  <datafield tag="830" ind1=" " ind2="0">
    <subfield code="a">Modern linguistics series</subfield>
    <subfield code="9">45035</subfield>
  </datafield>
  <datafield tag="942" ind1=" " ind2=" ">
    <subfield code="2">ddc</subfield>
    <subfield code="c">BOOK</subfield>
  </datafield>
  <datafield tag="999" ind1=" " ind2=" ">
    <subfield code="c">35040</subfield>
    <subfield code="d">269540</subfield>
  </datafield>
  <datafield tag="952" ind1=" " ind2=" ">
    <subfield code="1">0</subfield>
    <subfield code="2">2014-05-14</subfield>
    <subfield code="4">0</subfield>
    <subfield code="7">1</subfield>
    <subfield code="a">425 ABE</subfield>
    <subfield code="c">1</subfield>
    <subfield code="d">2014-05-14</subfield>
    <subfield code="e">&#x62F;&#x627;&#x631; &#x627;&#x644;&#x639;&#x631;&#x628;</subfield>
    <subfield code="h">SHF</subfield>
    <subfield code="i">00211301</subfield>
    <subfield code="m">SHF</subfield>
    <subfield code="r">2014-05-14 00:00:00</subfield>
    <subfield code="t">BOOK</subfield>
    <subfield code="w">ddc</subfield>
    <subfield code="y">0</subfield>
  </datafield>
  <datafield tag="952" ind1=" " ind2=" ">
    <subfield code="1">0</subfield>
    <subfield code="2">2014-05-14</subfield>
    <subfield code="4">0</subfield>
    <subfield code="7">1</subfield>
    <subfield code="a">425 ABE</subfield>
    <subfield code="c">1</subfield>
    <subfield code="d">2014-05-14</subfield>
    <subfield code="e">&#x62F;&#x627;&#x631; &#x627;&#x644;&#x639;&#x631;&#x628;</subfield>
    <subfield code="h">SHM</subfield>
    <subfield code="i">00211302</subfield>
    <subfield code="m">SHM</subfield>
    <subfield code="r">2014-05-14 00:00:00</subfield>
    <subfield code="t">BOOK</subfield>
    <subfield code="w">ddc</subfield>
    <subfield code="y">0</subfield>
  </datafield>
  <datafield tag="952" ind1=" " ind2=" ">
    <subfield code="1">0</subfield>
    <subfield code="2">2014-05-14</subfield>
    <subfield code="4">0</subfield>
    <subfield code="7">0</subfield>
    <subfield code="a">425 ABE</subfield>
    <subfield code="c">2</subfield>
    <subfield code="d">2014-05-14</subfield>
    <subfield code="e">&#x62F;&#x627;&#x631; &#x627;&#x644;&#x639;&#x631;&#x628;</subfield>
    <subfield code="h">SHF</subfield>
    <subfield code="i">00211303</subfield>
    <subfield code="m">SHF</subfield>
    <subfield code="r">2014-05-14 00:00:00</subfield>
    <subfield code="t">BOOK</subfield>
    <subfield code="w">ddc</subfield>
    <subfield code="y">0</subfield>
  </datafield>
  <datafield tag="952" ind1=" " ind2=" ">
    <subfield code="1">0</subfield>
    <subfield code="2">2014-05-14</subfield>
    <subfield code="4">0</subfield>
    <subfield code="7">0</subfield>
    <subfield code="a">425 ABE</subfield>
    <subfield code="c">2</subfield>
    <subfield code="d">2014-05-14</subfield>
    <subfield code="e">&#x62F;&#x627;&#x631; &#x627;&#x644;&#x639;&#x631;&#x628;</subfield>
    <subfield code="h">SHM</subfield>
    <subfield code="i">00211304</subfield>
    <subfield code="m">SHM</subfield>
    <subfield code="q">2015-12-14</subfield>
    <subfield code="r">2016-05-12 00:00:00</subfield>
    <subfield code="t">BOOK</subfield>
    <subfield code="w">ddc</subfield>
    <subfield code="y">3</subfield>
  </datafield>
</record>
